Sports aux Jeux olympiques de Los Angeles 2028 - Statistiques

Statistiques générales
  • Ce quiz a été pris 61 fois
  • Le résultat moyen est 34 sur 50
Statistiques - réponses
Disciplines % Correct
Athlétisme
98%
🔵 Natation artistique
98%
🔵 Natation sportive
98%
🔵 Plongeon
98%
🔵 Water-polo
98%
Football
96%
🟠 Basketball
93%
🟠 Basketball 3x3
93%
Handball
91%
Judo
89%
🟡 BMX freestyle
87%
🟡 BMX racing
87%
🟡 Cyclisme sur piste
87%
🟡 Cyclisme sur route
87%
🟡 VTT
87%
Rugby à sept
85%
Tennis
84%
🟣 Gymnastique artistique
80%
🟢 Volley-ball
80%
🟢 Volley-ball de plage
80%
🟣 Gymnastique rythmique
78%
🟣 Trampoline
78%
Sports équestres
76%
🟤 Canoë-kayak slalom
75%
🟤 Canoë sprint
75%
Tennis de table
75%
Badminton
71%
Boxe
67%
Tir
65%
Aviron
64%
Escrime
64%
⭐️ Baseball
62%
🔴 Lutte gréco-romaine
62%
🔴 Lutte libre
62%
Tir à l'arc
62%
Skateboard
56%
Surf
56%
Voile
55%
Escalade
51%
Taekwondo
51%
Triathlon
51%
Hockey sur gazon
49%
Haltérophilie
42%
⭐️ Cricket
40%
Golf
40%
Pentathlon moderne
33%
⭐️ Softball
25%
⭐️ Crosse
18%
⭐️ Flag Football
16%
⭐️ Squash
13%
Aucun quiz correspondant
Distribution des résultats
% des personnes avec chaque résultat
Percentile par nombre de réponses
Votre historique - résultats
Vous n’avez pas pris ce quiz